| 000 | 00425nam a2200157 i 4500 | ||
|---|---|---|---|
| 001 | 38576 | ||
| 003 | ES-MaACL | ||
| 005 | 20230906155800.0 | ||
| 007 | t| | ||
| 008 | 030226s1950 mx ||||1| spa d | ||
| 100 | 1 |
_aCamín, Alfonso. _934074 |
|
| 245 | 1 | 0 |
_aApolo y las rosas / _cAlfonso Camin. |
| 260 |
_aMéxico : _b[s.n., _c1950] ( _fAzteca) |
||
| 300 |
_a221 p., 8 lám. ; _c20 cm. |
||
| 852 |
_aES-MaACL _jC-43560 _bR.79396 |
||
| 999 |
_c38576 _d38576 |
||